Cuentos sobrenaturales / (Registro nro. 10755)
[ vista simple ]
| 000 -LEADER | |
|---|---|
| fixed length control field | 00902cam a2200301 4500 |
| 001 - CONTROL NUMBER | |
| control field | a32893 |
| 003 - CONTROL NUMBER IDENTIFIER | |
| control field | DO-SdBNP |
| 005 - DATE AND TIME OF LATEST TRANSACTION | |
| control field | 20180312112356.0 |
| 007 - PHYSICAL DESCRIPTION FIXED FIELD--GENERAL INFORMATION | |
| fixed length control field | a32893 |
| 008 - FIXED-LENGTH DATA ELEMENTS--GENERAL INFORMATION | |
| fixed length control field | 071210s2007 sp | |||| 00 0 spa |
| 015 ## - NATIONAL BIBLIOGRAPHY NUMBER | |
| National bibliography number | |
| 017 ## - COPYRIGHT OR LEGAL DEPOSIT NUMBER | |
| Copyright or legal deposit number | |
| 020 ## - INTERNATIONAL STANDARD BOOK NUMBER | |
| International Standard Book Number | 9789707709911 |
| 035 ## - SYSTEM CONTROL NUMBER | |
| System control number | |
| 040 ## - CATALOGING SOURCE | |
| Original cataloging agency | BPMSU |
| Language of cataloging | spa |
| Transcribing agency | BPMSU |
| Description conventions | |
| 080 ## - UNIVERSAL DECIMAL CLASSIFICATION NUMBER | |
| Universal Decimal Classification number | |
| 082 ## - DEWEY DECIMAL CLASSIFICATION NUMBER | |
| Classification number | M863.4 |
| Item number | F954c |
| 100 1# - MAIN ENTRY--PERSONAL NAME | |
| Personal name | Fuentes, Carlos |
| Dates associated with a name | 1928-2012 |
| 245 10 - TITLE STATEMENT | |
| Title | Cuentos sobrenaturales / |
| Medium | |
| Statement of responsibility, etc. | Carlos Fuentes |
| 260 ## - PUBLICATION, DISTRIBUTION, ETC. (IMPRINT) | |
| Place of publication, distribution, etc. | Madrid : |
| Name of publisher, distributor, etc. | Alfaguara, |
| Date of publication, distribution, etc. | 2007 |
| 300 ## - PHYSICAL DESCRIPTION | |
| Extent | 180 p. ; |
| Dimensions | 24 cm |
| 500 ## - GENERAL NOTE | |
| General note | Incluye datos biográficos del autor |
| 505 ## - FORMATTED CONTENTS NOTE | |
| Title | Tlactocatzine, del jardín de Flandes -- |
| -- | Por boca de los dioses -- |
| -- | Letanía de la orquídea -- . |
| -- | La muñeca reina -- |
| Formatted contents note | |
| 650 ## - SUBJECT ADDED ENTRY--TOPICAL TERM | |
| Topical term or geographic name as entry element | CUENTOS MEXICANOS |
| 942 ## - ADDED ENTRY ELEMENTS (KOHA) | |
| Source of classification or shelving scheme | Dewey Decimal Classification |
| Koha item type | Libros |
| 945 ## - LOCAL PROCESSING INFORMATION (OCLC) | |
| a | Innventariado extranjero / 2017 VM |
| 956 ## - LOCAL ELECTRONIC LOCATION AND ACCESS (OCLC) | |
| Host name | VMATEO |
| Access number | 10 |
| Compression information | 20160707 |
| Path | BPMSU |
| Electronic name | 0069 |
| Withdrawn status | Lost status | Source of classification or shelving scheme | Damaged status | Not for loan | Collection code | Home library | Current library | Date acquired | Source of acquisition | Total Checkouts | Full call number | Barcode | Date last seen | Price effective from | Koha item type | Copy number |
|---|---|---|---|---|---|---|---|---|---|---|---|---|---|---|---|---|
| Dewey Decimal Classification | Colección General | Biblioteca Pública Metropolitana Salomé Ureña | Biblioteca Pública Metropolitana Salomé Ureña | 07/07/2016 | ALFAGUARA | M863.4 F954c | BPMSU16070213 | 07/07/2016 | 07/07/2016 | Libros | ||||||
| Dewey Decimal Classification | Colección General | Biblioteca Pública Metropolitana Salomé Ureña | Biblioteca Pública Metropolitana Salomé Ureña | 07/07/2016 | ALFAGUARA | M863.4 F954c | BPM16070214 | 07/07/2016 | 07/07/2016 | Libros | e. 2 | |||||
| Dewey Decimal Classification | Colección General | Biblioteca Pública Metropolitana Salomé Ureña | Biblioteca Pública Metropolitana Salomé Ureña | 07/07/2016 | ALFAGUARA | M863.4 F954c | BPMSU16070215 | 07/07/2016 | 07/07/2016 | Libros | e. 3 |